000 01721cam a22004454i 4500
003 PE-LiUPU
005 20250731173205.0
008 150625s r 000 0 d
035 _a(Sirsi) a31223
040 _aPE-LiUPU
_bspa
_cPE-LiUPU
_erda
082 0 4 _a280.27309
_bS21
_221
100 1 _aSandoval, Moises ed.,
_eautor.
245 1 0 _aFronteras :
_bA History of the latin american church In the USA since 1513.
_cMoisés Sandoval.
336 _atext
_2rdacontent
337 _aunmediated
_2rdamedia
338 _avolume
_2rdacarrier
526 _aSEG42
526 _aSEG41
526 _aSEG40
526 _aSEG39
526 _aP94
526 _aP87
526 _aP86
526 _aP85
526 _aP77
526 _aP76
526 _aP35
942 _2ddc
_cBOOK
949 _a280.27309 S21
_wDEWEY
_c1
_i34650
_lCCODEBUL1
_mBUL
_p00.00
_r0
_sY
_tBOOK
_u2015-06-25
_xBIBLIOTECA
_zUNKNOWN
_0COMPRA
_o.STAFF. Colección General
949 _a280.27309 S21
_wDEWEY
_c2
_i34651
_lCCODEBUL1
_mBUL
_p00.00
_r0
_sY
_tBOOK
_u2015-06-25
_xBIBLIOTECA
_zUNKNOWN
_0COMPRA
_o.STAFF. Colección General
949 _a280.27309 S21
_wDEWEY
_c3
_i34647
_lCCODEBUL1
_mBUL
_p00.00
_r0
_sY
_tBOOK
_u2015-06-25
_xBIBLIOTECA
_zUNKNOWN
_0COMPRA
_o.STAFF. Colección General
949 _a280.27309 S21
_wDEWEY
_c4
_i34648
_lCCODEBUL1
_mBUL
_p00.00
_r0
_sY
_tBOOK
_u2015-06-25
_xBIBLIOTECA
_zUNKNOWN
_0COMPRA
_o.STAFF. Colección General
949 _a280.27309 S21
_wDEWEY
_c5
_i34649
_lCCODEBUL1
_mBUL
_p00.00
_r0
_sY
_tBOOK
_u2015-06-25
_xBIBLIOTECA
_zUNKNOWN
_0COMPRA
_o.STAFF. Colección General
999 _c38754
_d38754
980 _81
_gALBERTO SANCHEZ Responsable de Automatización